| 000 | 01042cam a22002771 4500 | ||
|---|---|---|---|
| 001 | sa 64009097 | ||
| 003 | DLC | ||
| 005 | 20260227112059.0 | ||
| 008 | 940729s1963 ii abc b 000 0 pano | ||
| 010 | _asa 64009097 | ||
| 025 | _aPL480:I-Pu-397 | ||
| 035 | _a(OCoLC)30853735 | ||
| 040 |
_aDLC _cCU _dCU _dDLC |
||
| 042 | _apremarc | ||
| 050 | 0 | 0 |
_aDS436 _b.G5 |
| 100 | 1 | _aGill, Tirlochan Singh. | |
| 245 | 1 | 0 |
_aBhāratī āzādī lahira dā itihāsa. _bHistory of national movement in India, for J. B. T. classes. |
| 250 | _a1st ed. | ||
| 260 |
_aDelhi, _bBharti Bhawan _c[1963] |
||
| 300 |
_aii, 350 p. _bill. (part col.) maps (part col.) ports. (part col.) _c19 cm. |
||
| 500 | _aIn Panjabi. | ||
| 500 | _a"Written strictly in accordance with the new prescribed syllabus for J. B. T. classes on the History of freedom movement in India. (ref. Punjab education dept.) Memorandum no. 10-1-63 PB (5) dated 13th August, 1963." | ||
| 504 | _aBibliographical footnotes. | ||
| 650 | 0 |
_aNationalism _zIndia. |
|
| 651 | 0 |
_aIndia _xHistory. |
|
| 999 |
_c61259 _d61259 |
||